City offices quarterly . - Quarter 1 1991 - Quarter 4 1991 (Record no. 95650)

MARC details
000 -LEADER
fixed length control field 00578cam a2200217 4500
001 - CONTROL NUMBER
control field J175
008 - FIXED-LENGTH DATA ELEMENTS--GENERAL INFORMATION
fixed length control field 090401t xxu||||| |||| 00| 0 eng d
035 ## - SYSTEM CONTROL NUMBER
System control number (Sirsi) u73618
041 ## - LANGUAGE CODE
Language code of text/sound track or separate title eng
050 ## - LIBRARY OF CONGRESS CALL NUMBER
Classification number 333.337094212
110 ## - MAIN ENTRY--CORPORATE NAME
Corporate name or jurisdiction name as entry element Knight Frank and Rutley
9 (RLIN) 1990
245 ## - TITLE STATEMENT
Title City offices quarterly . - Quarter 1 1991 - Quarter 4 1991
260 ## - PUBLICATION, DISTRIBUTION, ETC.
Place of publication, distribution, etc. London
Name of publisher, distributor, etc. Knight Frank and Rutley
Date of publication, distribution, etc. 1991-92
300 ## - PHYSICAL DESCRIPTION
Extent 4 pt. ; 30cm.
350 ## - PRICE (NR) (BK AM CF MU VM SE) [OBSOLETE]
Price 0
520 ## - SUMMARY, ETC.
Summary, etc. Quarter 4 includes Annual Review.
650 ## - SUBJECT ADDED ENTRY--TOPICAL TERM
Topical term or geographic name entry element CITY OF LONDON
650 ## - SUBJECT ADDED ENTRY--TOPICAL TERM
Topical term or geographic name entry element OFFICES
942 ## - ADDED ENTRY ELEMENTS (KOHA)
Suppress in OPAC 0
948 ## - LOCAL PROCESSING INFORMATION (OCLC); SERIES PART DESIGNATOR (RLIN)
c (OCLC) 04/03/1997
Holdings
Withdrawn status Lost status Source of classification or shelving scheme Damaged status Not for loan Home library Current library Shelving location Date acquired Total Checkouts Full call number Barcode Date last seen Copy number Price effective from Koha item type
    Dewey Decimal Classification     London London Property market reports 23/09/1991   LIBRARY ANNEXE 30024243 06/08/2019 1 06/08/2019 Book
    Dewey Decimal Classification     London London Property market reports 23/09/1991   LIBRARY ANNEXE 30026185 06/08/2019 2 06/08/2019 Book
    Dewey Decimal Classification     London London Property market reports 13/01/1992   LIBRARY ANNEXE 30028863 06/08/2019 3 06/08/2019 Book
    Dewey Decimal Classification     London London Property market reports 31/03/1992   LIBRARY ANNEXE 30032587 06/08/2019 4 06/08/2019 Book